Normal view
MARC view
- T P I P, Pub
Entry Personal Name
001 - CONTROL NUMBER
- control field: 115090
003 - CONTROL NUMBER IDENTIFIER
- control field: OSt
005 - DATE AND TIME OF LATEST TRANSACTION
- control field: 20230125044901.0
008 - FIXED-LENGTH DATA ELEMENTS
- fixed length control field: 230125|| aca||aabn | a|a d
040 ## - CATALOGING SOURCE
- Original cataloging agency: OSt
- Transcribing agency: OSt
100 ## - HEADING--PERSONAL NAME
- Personal name: T P I P, Pub
670 ## - SOURCE DATA FOUND
- Source citation: Work cat.: (OSt)92867: T P I P, Pub., Webster Pocket Dictionary of the English Language of The English Language, 2000